Statistiken für Meister der 2. Österreichischen Fußball-Liga

Klicken Sie hier um das Quiz zu spielen!

Allgemein

  • Dieses Quiz wurde 60 mal gespielt
  • Das Durchschnittsergebnis liegt bei 28 aus 50

Antwortstatistiken

HintAntwort% Korrekt
1974/75Grazer AK
88%
1994/95Grazer AK
88%
1992/93Grazer AK
88%
1993/94LASK
87%
2006/07LASK
87%
2016/17LASK
87%
1978/79LASK
87%
2011/12Wolfsberger AC
85%
2021/22SC Austria Lustenau
81%
1996/97SC Austria Lustenau
81%
2022/23FC Blau Weiß Linz
79%
2020/21FC Blau Weiß Linz
79%
1980/81SSW Innsbruck
77%
2019/20SV Ried
77%
2004/05SV Ried
77%
1999/2000Admira Wacker Mödling
75%
2010/11Admira Wacker Mödling
75%
2013/14SCR Altach
73%
2005/06SCR Altach
73%
2015/16SKN St. Pölten
71%
1987/88VSE St. Pölten
71%
1985/86First Vienna FC 1894
62%
1975/76First Vienna FC 1894
62%
2008/09SC Wiener Neustadt
62%
2014/15SV Mattersburg
62%
2002/03SV Mattersburg
62%
2017/18FC Wacker Innsbruck
58%
2009/10FC Wacker Innsbruck
58%
2007/08Kapfenberger SV
56%
1981/82SK Austria Klagenfurt
54%
1988/89SV Austria Salzburg
54%
1977/78SV Austria Salzburg
54%
2018/19WSG Wattens
52%
2012/13SV Grödig
50%
1976/77Wiener Sport Club
40%
1998/99SC Schwarz-Weiß Bregenz
37%
2001/02ASKÖ Pasching
35%
1984/85Salzburger AK
29%
2003/04FC Wacker Tirol
27%
1979/80SC Eisenstadt
27%
1991/92VfB Mödling
27%
1986/87VfB Mödling
27%
1997/98SK Vorwärts Steyr
25%
1950/511. Simmeringer SC
23%
1990/91FC VOEST Linz
21%
2000/01FC Kärnten
19%
1983/84SV Spittal/Drau
19%
1995/96FC Linz
13%
1982/83SV St.Veit/Glan
13%
1989/90Donawitzer SV Alpine
12%

Verteilung der Resultate

Perzentil nach korrekt beantworteten Fragen

Anzahl Personen mit jedem Resultat

Ihre Resultats-Entwicklung

Sie haben dieses Quiz noch nicht gespielt